000 00547nam a2200193Ia 4500
005 20250923150018.0
008 008 250917s9999 xx 000 0 eng d
037 _aTextual
040 _aDSWL
_beng
_cDSWL
041 _aeng
_2eng
084 _aY15:7:7x, N97
_qDSWL
245 0 _aWomen , gender and Development reader
_cEd. by Nalini Visvanathan
260 _aLondon
_b Zed Book Ltd.
_c1997
300 _axiii,396 p.
365 _aGBP
_b15.95
925 _g15.95
942 _cTEXL
_hY15:7:7x, N97
999 _c1458492
_d1458492